| 000 | 00791cab a2200241 4500 | ||
|---|---|---|---|
| 001 | Z7058 | ||
| 008 | 090401t1995 xxu||||| |||| 00| 0 eng d | ||
| 035 | _a(Sirsi) u69795 | ||
| 041 | _aeng | ||
| 100 | _aPugh, C. | ||
| 245 | _aInternational property cycles : the causes | ||
| 260 | _c1995 | ||
| 350 | _a0 | ||
| 490 |
_aCSM (Chartered Surveyor Monthly) _v4(3) January 1995, 33(1) |
||
| 520 | _aDiscusses the significance of international property cycles, the lessons to be learnt and the significance for the property finance industry and for macro-economic policy makers. | ||
| 650 | _aGLOBAL PROPERTY MARKET | ||
| 650 | _aPROPERTY CYCLES | ||
| 650 | _aPROPERTY FINANCE | ||
| 690 | _aPROPERTY-COMMERCIAL PROPERTY | ||
| 700 | _aDehesh, A. | ||
| 942 | _n0 | ||
| 948 | _c04/03/1997 | ||
| 999 |
_c43876 _d43876 |
||